| 000 | 00637nam a2200205Ia 4500 | ||
|---|---|---|---|
| 005 | 20220816105057.0 | ||
| 008 | 210716s1987 xx 000 0 und d | ||
| 020 | _a8185015910 | ||
| 040 | _cAIMIT LIBRARY | ||
| 041 | _aeng | ||
| 082 |
_a519.72 _21 _bHADG |
||
| 100 |
_aHadley, G. _954785 |
||
| 245 |
_aLinear programming / _cBy G Hadley. |
||
| 250 | _a1st ed. | ||
| 260 |
_aNew Delhi : _bNarosa Publishing House , _c1987. |
||
| 300 |
_axii,520p. ; _c21 cm. |
||
| 650 |
_aMathematical background _954786 |
||
| 650 |
_aDetailed development and computational aspects of the simplex method _954787 |
||
| 942 |
_2ddc _cBK _e1st _k519.72 HADG |
||
| 999 |
_c180984 _d180984 |
||